000 00652nam a2200205Ia 4500
003 GCL
008 140319s9999 xx 000 0 ara d
040 _aGCL /
_cGCL
082 0 4 _a811.09
_bهـ ش
100 1 _aهبة عصام الدين
245 1 0 _aشهادة عشق /
_cهبة عصام الدين
250 _aالاولى
260 _aالقاهرة :
_bهبة عصام الدين ،
_c2001
300 _a95 ص ؛
_c18 سم
650 0 4 _aالشعر العربى
650 0 4 _aالادب العربى
650 0 4 _aالشعر العربى الحديث
650 0 4 _aالشعر العربى - دواوين وقصائد
942 _2ddc
_cBK
999 _c1677
_d1677